MARC details
| 000 -CABECERA |
| campo de control de longitud fija |
01957nam a2200301 i 4500 |
| 001 - NÚMERO DE CONTROL |
| campo de control |
000020451 |
| 003 - IDENTIFICADOR DEL NÚMERO DE CONTROL |
| campo de control |
DO-SdBNP |
| 005 - FECHA Y HORA DE LA ÚLTIMA TRANSACCIÓN |
| campo de control |
20250731131909.0 |
| 007 - CAMPO FIJO DE DESCRIPCIÓN FÍSICA--INFORMACIÓN GENERAL |
| campo de control de longitud fija |
ta |
| 008 - DATOS DE LONGITUD FIJA--INFORMACIÓN GENERAL |
| campo de control de longitud fija |
250127s2016 dr 000 0 spa d |
| 020 ## - NÚMERO INTERNACIONAL ESTÁNDAR DEL LIBRO |
| Número Internacional Estándar del Libro |
9789945902341 |
| 040 ## - FUENTE DE LA CATALOGACIÓN |
| Centro catalogador/agencia de origen |
DO-SdBNP |
| Lengua de catalogación |
spa |
| Centro/agencia transcriptor |
BNPHU |
| Normas de descripción |
rda |
| 041 ## - CÓDIGO DE LENGUA |
| Código de lengua del texto/banda sonora o título independiente |
spa |
| 082 #4 - NÚMERO DE LA CLASIFICACIÓN DECIMAL DEWEY |
| Número de clasificación |
RD863.44 |
| Número de documento/Ítem |
M665 |
| Número de edición |
22 |
| 245 03 - MENCIÓN DE TÍTULO |
| Título |
La minificción en Santo Domingo : |
| Resto del título |
una muestra de escritura posmoderna / |
| Mención de responsabilidad, etc. |
selección y prólogo, Lauro Zavala. |
| 264 #4 - PRODUCCIÓN, PUBLICACIÓN, DISTRIBUCIÓN, FABRICACIÓN Y COPYRIGHT |
| Producción, publicación, distribución, fabricación y copyright |
Santo Domingo, República Dominicana : |
| Nombre del de productor, editor, distribuidor, fabricante |
Editora Nacional, |
| Fecha de producción, publicación, distribución, fabricación o copyright |
©2016. |
| 300 ## - DESCRIPCIÓN FÍSICA |
| Extensión |
179 páginas : |
| Otras características físicas |
ilustraciones, retratos ; |
| Dimensiones |
24 cm. |
| 336 ## - TIPO DE CONTENIDO |
| Término de tipo de contenido |
texto |
| Código de tipo de contenido |
txt |
| Fuente |
rdacontent |
| 337 ## - TIPO DE MEDIO |
| Nombre/término del tipo de medio |
sin mediación |
| Código del tipo de medio |
n |
| Fuente |
rdamedia |
| 338 ## - TIPO DE SOPORTE |
| Nombre/término del tipo de soporte |
volumen |
| Código del tipo de soporte |
nc |
| Fuente |
rdacarrier |
| 500 ## - NOTA GENERAL |
| Nota general |
Incluye datos biográficos del prologuista en la solapa de la cubierta. |
| 505 ## - NOTA DE CONTENIDO CON FORMATO |
| Nota de contenido con formato |
Prólogo. La riqueza de la brevedad, 13.-- Emelda Ramos, 17.-- Yan Fuei Liao, 21.-- Jaime Tatem Brache, 25.-- Eduardo Gautreaux de Windt, 31.-- Camelia Michel, 35.-- Héctor Santana, 41.-- Inés García, 45.-- Iván Payano, 49.-- Bienvenida Mendoza B, 53.-- Bryan Luis, 57.-- Claret Martínez, 61.-- Valentín Amaro, 65.-- Daniel Olivo Polanco Valerio, 71.-- Diego López, 77.-- Eugenio Camacho, 83.-- Jesús Alcedo Sánchez, 89.-- Jimmy Féliz, 97.-- José Luis Moronta, 101.-- José Maximiliano Cimarro, 107.-- Juan José Namnún Tavárez, 111.-- Laura Sánchez, 115.-- Mildred del Pilar de los Santos, 121.-- Elly E. Alcántara P., 125.-- Clara Mercado, 129.-- Orly Diane Rodríguez, 133.-- Roxana Delgado, 139.-- Ruth Rodríguez, 143.-- Yirbett Joseph V., 147.-- Eulogio Javier, 151.-- Rodolfo Báez, 155.-- Niurca Herrera, 161.-- Francis Santos, 165.-- Ana Rosa Pérez, 169.-- Basilio Belliard, 175. |
| 590 ## - NOTA LOCAL (RLIN) |
| Nota local |
Inventariado, 2025/ YL |
| 650 #0 - PUNTO DE ACCESO ADICIONAL DE MATERIA--TÉRMINO DE MATERIA |
| Término de materia o nombre geográfico como elemento de entrada |
Literatura dominicana. |
| 9 (RLIN) |
67 |
| 700 12 - PUNTO DE ACCESO ADICIONAL--NOMBRE DE PERSONA |
| Nombre de persona |
Zavala, Lauro, |
| Término indicativo de función/relación |
prologuista |
| Código de función/relación |
pr. |
| 9 (RLIN) |
11929 |
| 910 ## - DATOS DE OPCIÓN DEL USUARIO (OCLC) |
| Datos de opción del usuario |
YLockward. Validado. Control de Calidad/MAA |
| 942 ## - ELEMENTOS DE PUNTO DE ACCESO ADICIONAL (KOHA) |
| Fuente del sistema de clasificación o colocación |
Dewey Decimal Classification |
| Tipo de ítem Koha |
Libro |